[Event "OPEN 2026"]
[Site "SAINT DENIS LA REUNION"]
[Date "2026.01.10"]
[Round "6.7"]
[Board "7"]
[White "Desire, Michael"]
[Black "Mansard, Gregoire"]
[Result "1/2-1/2"]
[WhiteElo "1777"]
[BlackElo "1651"]
[PlyCount "59"]
[GameId "2266543499059554"]
[EventDate "2026.??.??"]
[WhiteTeam "Jeu d'Echecs Dann Trois Bassins"]
[BlackTeam "Club Echiquier du Nord"]

1. d4 d5 2. c4 c6 3. Nc3 Nf6 4. Bf4 dxc4 5. e3 b5 6. a4 b4 7. Nb1 Ba6 8. Qc2 Qa5 9. Nd2 b3 10. Qc1 e5 11. Bxe5 Ne4 12. Ngf3 Bb4 13. Be2 c3 14. bxc3 b2 15. Qxb2 Bxc3 16. Qc2 Nxd2 17. Nxd2 Bxa1 18. Bxg7 Rg8 19. Qe4+ Kd7 20. Bg4+ Kc7 21. Qe7+ Kb6 22. Be5 Nd7 23. Qxd7 Rac8 24. Bd6 Qc3 25. Bc5+ Ka5 26. Qxa7 Rxg4 27. Bb6+ Kb4 28. Bc5+ Ka5 29. Bb6+ Kb4 30. Bc5+ 1/2-1/2

[Event "OPEN 2026"]
[Site "SAINT DENIS LA REUNION"]
[Date "2026.01.10"]
[Round "6.8"]
[Board "8"]
[White "Gomez, Antoine"]
[Black "Tsang Chan Chung, Jean Edouard"]
[Result "0-1"]
[WhiteElo "1755"]
[BlackElo "1556"]
[Annotator "thier"]
[PlyCount "94"]
[GameId "2266482213433443"]
[EventDate "2026.??.??"]
[WhiteTeam "Club Echiquier du Nord"]
[BlackTeam "Club Echiquier du Nord"]

{[%evp 0,48,19,10,29,-30,5,-18,38,34,21,18,17,-26,1,-3,8,-87,-87,-84,-48,-125,-97,-199,-209,-199,-140,-208,-149,-210,-161,-299,-271,-271,-271,-271,-271,-284,-283,-393,-403,-475,-469,-502,-506,-506,-506,-644,-613,-618,-618]} 1. a3 c5 2. b4 cxb4 3. axb4 g6 4. Bb2 Nf6 5. e4 d6 6. h4 e5 7. h5 Nxh5 8. Rxh5 gxh5 9. Qxh5 Qf6 10. Ra3 Qg6 11. Bb5+ Nc6 12. Qe2 Be6 13. f3 h5 14. Ra6 Be7 15. f4 Qg3+ 16. Qf2 Bh4 17. Qxg3 Bxg3+ 18. Kf1 Bxf4 19. Nc3 Bxd2 20. Nd5 Bxd5 21. exd5 bxa6 22. Bxc6+ Ke7 23. c3 Raf8 24. Nf3 Bf4 25. Nh4 Kf6 26. Kf2 Rhg8 27. Ba3 Bg3+ 28. Kg1 Bxh4 29. b5 axb5 30. Bxd6 Be1 31. Bb4 Rg4 32. d6 Rxb4 33. cxb4 Bxb4 34. d7 a5 35. Bxb5 Ke7 36. Bc6 Rd8 37. Kf2 Rxd7 38. Ke3 Rd4 39. Bf3 a4 40. Bxh5 a3 41. g4 a2 42. g5 a1=Q 43. Bxf7 Qe1+ 44. Kf3 Rf4+ 45. Kg2 Qf1+ 46. Kg3 Be1+ 47. Kh2 Rh4# 0-1

[Event "OPEN 2026"]
[Site "SAINT DENIS LA REUNION"]
[Date "2026.01.10"]
[Round "6.9"]
[Board "9"]
[White "Duprey, Francois-Xavier"]
[Black "Bigot, Antoine"]
[Result "1-0"]
[WhiteElo "1709"]
[BlackElo "1447"]
[PlyCount "63"]
[GameId "2266499045523645"]
[EventDate "2026.??.??"]
[WhiteTeam "Cergy Philidor"]
[BlackTeam "Le Petit Cavalier"]

1. c4 c5 2. g3 g6 3. Bg2 Bg7 4. Nc3 e5 5. d3 Nc6 6. Nf3 Nf6 7. O-O O-O 8. h3 h6 9. Kh2 d6 10. Rb1 Be6 11. a3 a5 12. Bd2 Qc7 13. Nb5 Qd7 14. Qc1 Kh7 15. Ne1 Rab8 16. e4 Rfc8 17. Nc2 b6 18. Ne3 Nd4 19. Nxd4 cxd4 20. Nc2 Ne8 21. Qe1 Nc7 22. b3 Na6 23. Qe2 f5 24. f3 Nc5 25. b4 Nxd3 26. exf5 Bxf5 27. Rb3 Qa4 28. Rfb1 Rxc4 29. g4 Nb2 30. R1xb2 Rxc2 31. gxf5 d3 32. fxg6+ 1-0

[Event "OPEN 2026"]
[Site "SAINT DENIS LA REUNION"]
[Date "2026.01.10"]
[Round "6.10"]
[Board "10"]
[White "Hoareau, Cassandre"]
[Black "Frelicot, Eric"]
[Result "1/2-1/2"]
[WhiteElo "1422"]
[BlackElo "1709"]
[PlyCount "91"]
[GameId "2266537414443276"]
[EventDate "2026.??.??"]
[WhiteTeam "Le Petit Cavalier"]
[BlackTeam "Maison des Jeunes et de la Culture de St Benoit"]

1. e4 c6 2. d4 d5 3. e5 Bf5 4. h4 h6 5. Bd3 Bxd3 6. Qxd3 e6 7. Bf4 Qb6 8. b3 Nd7 9. Nf3 Ne7 10. O-O Nf5 11. Nbd2 Be7 12. h5 g5 13. hxg6 fxg6 14. c3 g5 15. g4 gxf4 16. gxf5 exf5 17. Qxf5 O-O-O 18. Kh2 Rdf8 19. Qh3 Qd8 20. Rg1 Rfg8 21. Rxg8 Rxg8 22. Rg1 Rxg1 23. Kxg1 Qg8+ 24. Kf1 Qg6 25. Ke2 h5 26. c4 dxc4 27. bxc4 Kc7 28. d5 cxd5 29. cxd5 Qa6+ 30. Ke1 Bb4 31. Qxh5 Qxa2 32. e6 Bxd2+ 33. Nxd2 Qa1+ 34. Ke2 Nc5 35. Qf7+ Kd6 36. Qf8+ Kxd5 37. e7 Qe5+ 38. Kf1 Ne6 39. Qd8+ Nxd8 40. exd8=Q+ Kc6 41. Qc8+ Qc7 42. Qe6+ Kb5 43. Qb3+ Kc6 44. Qa4+ b5 45. Qc2+ Kb6 46. Qg6+ 1/2-1/2

[Event "OPEN 2026"]
[Site "SAINT DENIS LA REUNION"]
[Date "2026.01.10"]
[Round "6.11"]
[Board "11"]
[White "Frison, Jacques"]
[Black "Larroque, Leo"]
[Result "0-1"]
[WhiteElo "1533"]
[BlackElo "1587"]
[Annotator "thier"]
[PlyCount "40"]
[GameId "2266544189497714"]
[EventDate "2026.??.??"]
[WhiteTeam "La Tour Saint Pierroise"]
[BlackTeam "Club Echiquier du Nord"]

{[%evp 0,40,23,45,39,46,39,15,12,12,41,16,40,-21,30,35,47,43,82,49,119,119,119,134,129,127,127,111,141,154,167,110,121,134,169,85,146,167,133,82,110,61,70]} 1. e4 c5 2. Nf3 Nc6 3. d4 cxd4 4. Nxd4 Nf6 5. Nc3 e5 6. Nb3 h6 7. Bc4 Bb4 8. O-O Bxc3 9. bxc3 Nxe4 10. Qd5 Ng5 11. Bxg5 Qxg5 12. Qxf7+ Kd8 13. Rad1 Qe7 14. Qd5 Rf8 15. Nc5 Kc7 16. Ne4 a6 17. a4 b6 18. Nd6 Rf6 19. Nxc8 Rxc8 (19... Kxc8 20. Rb1 Rd6 21. Qg8+ Kc7 (21... Nd8 22. Rfd1 Rxd1+ 23. Rxd1 Kc7 24. Qd5 Nc6 25. Qe4 Rf8 26. g3 a5 27. Bb5 Qc5 28. Qe3 Qxe3 29. fxe3 Rf3 30. e4 Rxc3 31. Rd2 Nd4 32. Bd3 Nf3+) 22. Rfd1 Rxd1+ 23. Rxd1) 20. Rb1 Rd6 0-1

[Event "OPEN 2026"]
[Site "SAINT DENIS LA REUNION"]
[Date "2026.01.10"]
[Round "6.12"]
[Board "12"]
[White "Lai-Cheung-Kit, Guillaume"]
[Black "Mungroo, Arvind"]
[Result "1-0"]
[WhiteElo "1467"]
[BlackElo "1438"]
[Annotator "thier"]
[PlyCount "67"]
[GameId "2266473179185222"]
[EventDate "2026.??.??"]
[WhiteTeam "Club Echiquier du Nord"]

{[%evp 0,55,19,29,40,50,47,47,78,64,71,78,76,79,67,51,100,116,86,53,89,47,187,53,116,-356,-356,-356,-356,-386,24,-25,-20,-20,112,112,112,60,431,466,483,264,264,201,199,122,109,109,109,113,159,140,374,366,364,364,364,372]} 1. e4 c5 2. Nf3 e6 3. Nc3 a6 4. d4 cxd4 5. Nxd4 Qc7 6. Be2 Nf6 7. O-O b5 8. Bf3 Bb7 9. Re1 Bb4 10. Qd3 h5 11. Bd2 Ng4 12. Ncxb5 Qxh2+ 13. Kf1 Bxd2 14. Qxd2 Qe5 15. Na3 Nh2+ 16. Kg1 Nxf3+ 17. Nxf3 Qc5 18. Qd4 Qf8 19. Rad1 Bc6 20. Ne5 Qe7 21. Nac4 O-O 22. Nxc6 Nxc6 23. Qxd7 Qxd7 24. Rxd7 Nb4 25. c3 Rfc8 26. Nb6 Nc6 27. Nxa8 Rxa8 28. Red1 Kh7 29. Rxf7 Rb8 30. Rdd7 Ra8 31. Rc7 Ne5 32. Rfe7 Ng4 33. f3 Nf6 34. Rxe6 1-0

[Event "OPEN 2026"]
[Site "SAINT DENIS LA REUNION"]
[Date "2026.01.10"]
[Round "6.13"]
[Board "13"]
[White "Antier, Gilbert"]
[Black "Hasnaoui, Ghannia"]
[Result "1-0"]
[WhiteElo "1507"]
[BlackElo "1399"]
[Annotator "thier"]
[PlyCount "71"]
[GameId "2266489280823427"]
[EventDate "2026.??.??"]
[WhiteTeam "La Tour Saint Pierroise"]
[BlackTeam "Club d'Echecs Labourdonnais"]

{[%evp 0,44,19,29,87,66,93,44,77,80,78,52,91,63,66,65,58,48,65,65,51,64,126,126,363,122,349,342,850,237,237,152,130,116,116,108,120,120,133,133,157,150,264,162,301,301,504]} 1. e4 g6 2. d4 d6 3. Be3 Bg7 4. Nc3 Nd7 5. Bc4 e6 6. Nf3 Ne7 7. Qd2 O-O 8. Bh6 a6 9. Bxg7 Kxg7 10. h4 Nc6 11. h5 b5 12. Bb3 Bb7 13. hxg6 fxg6 14. Bxe6 h5 15. d5 Nce5 16. Nxe5 Nxe5 17. O-O-O Qf6 18. f3 Nc4 19. Qd4 Ne5 20. Ne2 Qg5+ 21. Qd2 Qxg2 22. f4 Nc4 23. Qc3+ Kh6 24. Rde1 Qxe4 25. b3 Ne3 26. Nd4 Bxd5 27. Bxd5 Qxd5 28. Qxe3 Rae8 29. Qd2 Ra8 30. f5+ Kh7 31. fxg6+ Kg7 32. Ne6+ Qxe6 33. Rxe6 Rh8 34. Qc3+ Kg8 35. Qxc7 d5 36. Qf7# 1-0

[Event "OPEN 2026"]
[Site "SAINT DENIS LA REUNION"]
[Date "2026.01.10"]
[Round "6.14"]
[Board "14"]
[White "Krafft, Alice"]
[Black "Fleurie, Frederic"]
[Result "0-1"]
[WhiteElo "1424"]
[BlackElo "1499"]
[Annotator "thier"]
[PlyCount "78"]
[GameId "2266541443522890"]
[EventDate "2026.??.??"]
[WhiteTeam "Club Echiquier du Nord"]
[BlackTeam "Club Echiquier du Nord"]

1. e4 d5 2. exd5 Qxd5 3. Nc3 Qa5 4. d4 Nf6 5. Nf3 Bf5 6. Bd2 Qb6 7. Bc4 e6 8. O-O Bd6 9. Re1 O-O 10. Bb3 c6 11. Na4 Qc7 12. Nc3 Nbd7 13. Ne2 c5 14. c4 cxd4 15. Nexd4 Bg6 16. Nb5 Qc6 17. Nxd6 Qxd6 18. Bc3 Qxd1 19. Raxd1 Rfd8 20. h3 Rac8 21. Bb4 b6 22. a4 a5 23. Be7 Re8 24. Bxf6 Nxf6 25. Rd6 Rb8 26. Bd1 Ne4 27. Rd7 Nc5 28. Rc7 Red8 29. Ne5 Rd2 30. Nxg6 hxg6 31. b3 Rbd8 32. Bf3 Nxb3 33. Rb7 R8d6 34. Rb8+ Kh7 35. Rb7 f6 36. Rb1 Nc5 37. R7xb6 Nxa4 38. R6b5 (38. Rb7 Ra6 39. c5 Rc2 40. Rc7 Nc3 41. Rbb7 Nd5 42. Rxg7+ Kh6 43. Rh7+ Kg5 44. h4+ Kf5 45. Bxd5 exd5 46. Rbc7 a4 47. Ra7 Rxa7 48. Rxa7 Rxc5 49. Rxa4 Rc4 50. Ra5 Ke4 51. Ra3 d4 52. Kh2 d3 53. Ra2 Rc2 54. Ra4+ Kd5 55. Ra3 Kc4 56. Rxd3 Kxd3 57. Kg3 (57. f3 Ke3 58. Kg3 f5 59. f4 Rf2 60. h5 gxh5 61. Kh4 Rxg2 62. Kh3 Rg4 63. Kh2 Kxf4 64. Kh3 Kf3 (64... Ke3 65. Kh2 f4 66. Kh3 f3 67. Kh2 f2) 65. Kh2 f4 66. Kh3) 57... f5) 38... Ra6 39. c5 Rc2 0-1

[Event "OPEN 2026"]
[Site "SAINT DENIS LA REUNION"]
[Date "2026.01.10"]
[Round "6.15"]
[Board "15"]
[White "Jauze, Arthur"]
[Black "Leclerc, Lucas"]
[Result "0-1"]
[WhiteElo "1299"]
[BlackElo "1494"]
[Annotator "thier"]
[PlyCount "120"]
[GameId "2266501879156946"]
[EventDate "2026.??.??"]
[WhiteTeam "Les Roys de l'Est"]
[BlackTeam "La Tour Saint Pierroise"]

{[%evp 0,87,19,25,16,-10,-11,6,6,20,20,10,33,33,30,27,78,0,46,17,82,79,91,92,80,102,113,99,88,84,92,66,125,116,129,83,88,-48,-133,-151,-161,-202,12,8,11,-222,-75,-26,97,81,81,20,78,57,142,72,94,65,77,65,78,76,76,0,140,136,212,157,213,156,159,113,193,6,-13,0,0,-292,-303,-304,-281,-318,-377,-395,-365,-416,-379,-407,-404,-394]} 1. d4 d5 2. c4 e6 3. Nc3 Nf6 4. Nf3 Be7 5. Bf4 a6 6. e3 O-O 7. Rc1 Nbd7 8. Be2 c5 9. O-O Nb6 10. cxd5 Nbxd5 11. Nxd5 Qxd5 12. Bc4 Qc6 13. Ne5 Qb6 14. dxc5 Bxc5 15. Qb3 Qd8 16. Rfd1 Qe7 17. Nd3 Ba7 18. h3 b5 19. Bxb5 axb5 20. Qxb5 Ba6 21. Qxa6 Bxe3 22. Rc7 Bxf4 23. Rxe7 Bh2+ 24. Kxh2 Rxa6 25. Rb7 Rd6 26. Rb3 e5 27. Rb1 Ne4 28. Ra3 f6 29. b4 Nd2 30. Rd1 Nc4 31. Rb3 Rb6 32. a4 Na5 33. Ra3 Nc4 34. Ra2 Rd8 35. a5 Ra6 36. b5 Rxa5 37. Rxa5 Nxa5 38. Rb1 Rxd3 39. b6 Rd7 40. g4 Rb7 41. Rb4 h6 42. Kg3 Nc6 43. Rb2 Na5 44. Rb4 Kf7 45. f3 Ke6 46. Ra4 Nc6 47. Ra6 Kd5 48. Kh4 g6 49. Kg3 Kc5 50. f4 e4 51. Kf2 Rxb6 52. Rxb6 Kxb6 53. Ke3 f5 54. gxf5 gxf5 55. h4 h5 56. Ke2 Kc5 57. Ke3 Nb4 58. Ke2 Kd4 59. Ke1 Ke3 60. Kf1 Kd2 0-1

[Event "OPEN 2026"]
[Site "SAINT DENIS LA REUNION"]
[Date "2026.01.10"]
[Round "6.16"]
[Board "16"]
[White "Belin, Jahlanne"]
[Black "Khantalina, Ilariya"]
[Result "0-1"]
[WhiteElo "1299"]
[BlackElo "1488"]
[Annotator "thier"]
[PlyCount "96"]
[GameId "2266506620993775"]
[EventDate "2026.??.??"]
[WhiteTeam "Le Petit Cavalier"]
[BlackTeam "Club Echiquier du Nord"]

{[%evp 0,81,19,28,53,29,31,24,32,18,29,-32,9,6,-9,-19,1,-8,24,28,47,-3,35,-48,-61,-40,42,-179,-159,-163,-173,-186,-192,-283,-283,-283,-244,-263,-247,-302,-280,-290,-206,-206,-201,-302,-315,-333,-361,-467,-479,-545,-562,-604,-604,-637,-647,-764,-767,-960,-986,-986,-805,-906,-746,-1004,-1012,-1060,-1088,-1046,-1072,-1201,-1246,-1378,-1382,-1457,-1516,-1660,-1600,-1559,-1461,-1610,-1631,-29987]} 1. e4 e6 2. Nf3 d5 3. exd5 exd5 4. Nc3 Nf6 5. Be2 Bd6 6. O-O O-O 7. d4 h6 8. Bd3 Bg4 9. h3 Bh5 10. Be3 a6 11. Qd2 Bxf3 12. gxf3 Nh7 13. Bxh6 gxh6 14. Qxh6 Qg5+ 15. Qxg5+ Nxg5 16. Bf5 Nxf3+ 17. Kh1 c6 18. Rad1 Kg7 19. Rd3 Nh4 20. Rg1+ Kf6 21. Bg4 a5 22. f3 Na6 23. a4 Rae8 24. Rdd1 Nb4 25. Rc1 Bf4 26. Rb1 Nxc2 27. Bh5 Nf5 28. Rg4 Ng3+ 29. Kg2 Ne3+ 30. Kf2 Nxg4+ 31. Bxg4 Nf5 32. Rg1 Be3+ 33. Kf1 Bxg1 34. Kxg1 Nxd4 35. Kf1 Kg5 36. Kg2 f5 37. f4+ Kxf4 38. Bh5 Rg8+ 39. Kf2 Re7 40. h4 Rh7 41. Bd1 Rxh4 42. Ke1 Rh2 43. Ne2+ Nxe2 44. Bxe2 Ke3 45. Bf1 Rxb2 46. Kd1 Rg1 47. Kc1 Rh2 48. Kd1 Rxf1# 0-1

[Event "OPEN 2026"]
[Site "SAINT DENIS LA REUNION"]
[Date "2026.01.10"]
[Round "6.17"]
[Board "17"]
[White "Riviere, Thomas"]
[Black "Boutin-Moreau, Mael"]
[Result "0-1"]
[WhiteElo "1299"]
[BlackElo "1299"]
[PlyCount "62"]
[GameId "2266551885689296"]
[EventDate "2026.??.??"]
[WhiteTeam "Jeu d'Echecs Dann Trois Bassins"]
[BlackTeam "Club Echiquier du Nord"]

1. e4 e5 2. Nf3 Nc6 3. Bb5 Nf6 4. Nc3 d6 5. d4 exd4 6. Nxd4 Bd7 7. Bg5 Be7 8. Nf5 Nxe4 9. Nxg7+ Kf8 10. Bh6 Nxc3 11. bxc3 Kg8 12. O-O Bf6 13. Qf3 Bxg7 14. Qg3 Qf6 15. Bg5 Qg6 16. Bd3 Bf5 17. Rad1 Bxd3 18. Rxd3 Ne5 19. Rd4 h6 20. f4 Nf3+ 21. Rxf3 Bxd4+ 22. cxd4 hxg5 23. f5 Qf6 24. Rf4 Kf8 25. Rg4 Qxf5 26. Rxg5 Qxc2 27. h4 Qd1+ 28. Kh2 Qxd4 29. h5 Re8 30. Rf5 Qg7 31. Rg5 Qf6 0-1

[Event "OPEN 2026"]
[Site "SAINT DENIS LA REUNION"]
[Date "2026.01.10"]
[Round "6.18"]
[Board "18"]
[White "Hoareau, Theo"]
[Black "Firoaguer, Baptiste"]
[Result "0-1"]
[WhiteElo "1399"]
[BlackElo "1541"]
[Annotator "thier"]
[PlyCount "9"]
[GameId "2266549404357034"]
[EventDate "2026.??.??"]
[WhiteTeam "Club Echiquier du Nord"]
[BlackTeam "La Tour Saint Pierroise"]

1. e4 e5 2. Nf3 Nc6 3. d4 exd4 4. Nxd4 Bb4+ (4... Nf6 5. Nc3 Bb4 6. Nxc6 bxc6 7. Bd3 O-O 8. O-O d5 9. exd5 cxd5 10. a3 Be7 11. Bg5 a6 (11... c6 12. Re1 h6 13. Bh4 Be6 14. Qe2 Re8 15. Rad1 Qb6 16. b3 Bg4 17. Na4 Bxe2 18. Nxb6 axb6 19. Rxe2 Bxa3 (19... g6 20. Rde1 Bxa3 21. Rxe8+ Rxe8 22. Rxe8+ Nxe8 23. Bg3 Bd6 24. Bxd6 Nxd6 25. f4 Kg7 26. Kf2 Kf6) (19... g5 20. Rde1 Bxa3 21. Rxe8+ Rxe8 22. Rxe8+ Nxe8 23. Bg3 Bd6 24. Bxd6 Nxd6 25. f4 Kg7 26. Kf2 Kf6 27. g4 gxf4 28. Kf3 Ke5 29. h4 f6 30. c3 b5 31. b4 Ne4) 20. Rxe8+ Rxe8) 12. Re1 h6 13. Bh4 Be6 14. Qe2 Re8 15. Rad1) 5. Nc3 0-1

[Event "OPEN 2026"]
[Site "SAINT DENIS LA REUNION"]
[Date "2026.01.10"]
[Round "6.19"]
[Board "19"]
[White "Maunier, Smita"]
[Black "Pajamalepadeatchy, Shivany"]
[Result "0-1"]
[WhiteElo "1299"]
[BlackElo "1299"]
[PlyCount "38"]
[GameId "2266460790931492"]
[EventDate "2026.??.??"]
[WhiteTeam "Echiquier du Lagon - Ass Ecole du Lagon"]
[BlackTeam "Le Petit Cavalier"]

1. e4 e5 2. Nf3 Nc6 3. Bc4 Nf6 4. Nc3 Bc5 5. d3 d6 6. d4 exd4 7. Ne2 Nxe4 8. Ng5 Nxg5 9. O-O Nh3+ 10. Kh1 Nxf2+ 11. Rxf2 d3 12. Qxd3 Bxf2 13. Qf3 Ne5 14. Qxf2 Nxc4 15. b3 Ne5 16. Ba3 Ng4 17. Qf3 Qh4 18. Qe4+ Be6 19. g3 Qxh2# 0-1

[Event "OPEN 2026"]
[Site "SAINT DENIS LA REUNION"]
[Date "2026.01.10"]
[Round "6.20"]
[Board "20"]
[White "Outin, Inoa"]
[Black "Maunier, Theo"]
[Result "0-1"]
[WhiteElo "1299"]
[BlackElo "1299"]
[PlyCount "62"]
[GameId "2266548633170330"]
[EventDate "2026.??.??"]
[WhiteTeam "Echiquier du Lagon - Ass Ecole du Lagon"]
[BlackTeam "Echiquier du Lagon - Ass Ecole du Lagon"]

1. d4 d5 2. c4 e6 3. cxd5 exd5 4. Nf3 Nf6 5. Nc3 Be7 6. Bf4 O-O 7. e3 Nbd7 8. Bd3 b6 9. O-O c5 10. dxc5 bxc5 11. e4 Bb7 12. exd5 Nxd5 13. Nxd5 Bxd5 14. Bf5 Nf6 15. Re1 Re8 16. Bg5 Qd6 17. Bh4 Rab8 18. Bg3 Qd8 19. Bxb8 Qxb8 20. b3 c4 21. bxc4 Bxc4 22. Ne5 Bb4 23. Re3 Rxe5 24. Rxe5 Qxe5 25. Qd8+ Qe8 26. Qxe8+ Nxe8 27. Bd7 Nf6 28. Rb1 Bf8 29. Rb7 Bxa2 30. Rxa7 Bd5 31. f3 Bc5+ 0-1